| 000 | 01635cam a2200277 4500 | ||
|---|---|---|---|
| 005 | 20160624162135.0 | ||
| 008 | 050510s2004 ck abdo r 000 00spa d | ||
| 020 | _a9589742033 | ||
| 040 |
_aCO-BoPUJ _cCO-BoIAVH |
||
| 041 | 0 | _aspa | |
| 044 | _ack | ||
| 082 | 0 | 4 |
_a634.956 _bC91e |
| 100 | 1 |
_aCárdenas López, Dairón _eautor |
|
| 245 | 1 | 0 |
_aExperiencia piloto de zonificación forestal en el corregimiento de Tarapacá (Amazonas) _cDairon Cárdenas López, René López Camacho y Luis Eduardo Acosta Muñoz |
| 250 | _aPrimera edición | ||
| 260 |
_aBogotá : _bInstituto Amazónico de Investigaciones Científicas, _c2004. |
||
| 300 |
_a144 páginas : _bilustraciones, mapas, gráficas y tablas ; _c24 x 17 cm. _e7 mapas plegados + 1 tabla plegada |
||
| 504 | _aIncluye referencias bibliográficas: páginas 101-104. | ||
| 505 | 0 |
_gMapa 1. _tMapa general del área de estudio. -- _tMapa 2. _tMapa de fisiografía y suelos. -- _gMapa 3. _tMapa de vegetación. -- _gMapa 4. _tMapa de unidades biofísicas. -- _gMapa 5. _tMapa de unidades socioeconómicas homogéneas. -- _gMapa 6. _tMapa de unidades integrales homogéneas. -- _gMapa 7. _tMapa de unidades de manejo forestal. |
|
| 650 | 2 | 6 |
_aForestación _zTarapacá (Amazonas, Colombia) |
| 650 | 2 | 4 |
_aConservación de bosques _zTarapacá (Amazonas, Colombia) |
| 650 | 2 | 6 |
_aGeomorfología _zTarapacá (Amazonas, Colombia) |
| 710 | 1 |
_aColombia. _bMinisterio de Ambiente, Vivienda y Desarrollo Territorial. |
|
| 710 | 1 |
_aColombia _b Departamento Nacional de Planeación _b Dirección de Desarrollo Urbano y Política Ambiental |
|
| 942 |
_2ddc _cLIBRO |
||
| 999 |
_c4362 _d4362 |
||